NBA Bestselling Jerseys 24-25 - Statistics

General Stats
  • This quiz has been taken 161 times
  • The average score is 13 of 15
Answer Stats
Hint Answer % Correct
3 - #23 LeBron James
100%
1 - #77 Luka Doncic
100%
2 - #30 Stephen Curry
100%
13 - #35 Kevin Durant
94%
11 - #34 Giannis Antetokounmpo
93%
4 - #0 Jayson Tatum
89%
10 - #15 Nikola Jokic
89%
7 - #5 Anthony Edwards
83%
9 - #2 Shai Gilgeous-Alexander
81%
14 - #1 Devin Booker
78%
6 - #1 Victor Wembanyama
77%
8 - #12 Ja Morant
71%
15 - #7 Jaylen Brown
71%
5 - #11 Jalen Brunson
69%
12 - #1 LaMelo Ball
60%
No matching quizzes found
Score Distribution
Percent of People with Each Score
Percentile by Number Answered
Your Score History
You have not taken this quiz